Normal view
MARC view
Entry Topical Term
001 - CONTROL NUMBER
- control field: 74492
003 - CONTROL NUMBER IDENTIFIER
- control field: dpl
005 - DATE AND TIME OF LATEST TRANSACTION
- control field: 20241202143948.0
008 - FIXED-LENGTH DATA ELEMENTS
- fixed length control field: 241202|| aca||aabn | a|a d
040 ## - CATALOGING SOURCE
- Original cataloging agency: dpl
- Transcribing agency: dpl
150 ## - HEADING--TOPICAL TERM
- General subdivision:
- Geographic subdivision:
670 ## - SOURCE DATA FOUND
- Source citation: Work cat.: (dpl)205581: बंद्रवाल,निर्मल 74491, गणित के रोचक खेल /, 2022
